000 00568nam a2200229Ia 4500
003 OSt
005 20220924142135.0
006 a|||||r|||| 00| 0
007 ta
008 220923b |||||||| |||| 00| 0 ben d
024 _a300525
037 _cTextual
040 _aARTS
_cARTS
_bben
041 _2ben
_aben
082 _aV2:10Y138:N3, 157J0
100 _aDutta
245 0 _aBharatiya ekjatiyata gathan samasya
260 _c1950
650 _aHISTORY
942 _hV2:10Y138:N3, 157J0
_cTEXL
_2CC
999 _c449413
_d449413